| 000 | 00822nam a22002417a 4500 | ||
|---|---|---|---|
| 005 | 20140827145733.0 | ||
| 010 | _aENG-107800 | ||
| 020 |
_a9789325963962 _c325.00 (350.00 bppd) |
||
| 035 | _aEN-91333 | ||
| 035 | _aB-537831-838 | ||
| 037 | _bDBAD/PUB | ||
| 037 |
_bMallika Books/Ven _adpl |
||
| 082 | _a346.7307 | ||
| 100 | _aKuchhal, M.C. | ||
| 245 |
_aBusiness law / _cby M.C. Kuchhal [and] Vivek Kuchhal |
||
| 260 |
_aNoida _bVikas Publishing House _c2013 |
||
| 270 |
_aE-28, Sector-8 _bNoida _e201301 |
||
| 300 |
_axxiii,464 p. _c18cm(pbk) |
||
| 500 | _aIncludes bibliographical references and index | ||
| 700 | _a Kuchhal, Vivek | ||
| 942 |
_2ddc _cEN _mKUC _h346.7307 |
||
| 999 |
_c77091 _d77091 |
||